Statistics for Countries with the Most Embassies

Click here to take the quiz!

General Stats

  • This quiz has been taken 72 times
  • The average score is 9 of 10

Answer Stats

EmbassiesCountries% Correct
169China
99%
151Japan
97%
168United States
97%
161France
96%
153Germany
96%
144Russia
94%
122Italy
91%
115Spain
87%
138Brazil
81%
144Turkey
65%

Score Distribution

Percentile by Number Answered

Percent of People with Each Score

Your Score History

You have not taken this quiz